| 000 | 00660nam a22002417a 4500 | ||
|---|---|---|---|
| 003 | UA-OsUOA | ||
| 001 | 21173 | ||
| 007 | ta | ||
| 008 | 20031120b un ||||| |||| 00| 0 ukr d | ||
| 100 | _aПалажченко А. Е. | ||
| 090 |
_a94:929 (477) _bП14 |
||
| 942 | _cBK | ||
| 040 |
_aUA-OsUOA _brus _cUA-OsUOA _dUA-OsUOA |
||
| 245 | _aКомиссар незримых барикад | ||
| 300 |
_a111 с. _bІлюстрації |
||
| 955 | _a0 | ||
| 041 | _arus | ||
| 080 | _a94:929 (477) | ||
| 260 |
_aМосква _bИздательство политеческой литературы _c1976 |
||
| 044 | _aRU | ||
| 650 | 7 | _2UDC | |
| 999 |
_c307366 _d307366 |
||